[Event "Oberfranken-ch"]
[Site "Kronach"]
[Date "2023.02.23"]
[Round "1"]
[White "Moenius, Alexander"]
[Black "Bauschke, Norman"]
[Result "1-0"]
[WhiteElo "1853"]
[BlackElo "1635"]
[PlyCount "65"]
[EventDate "2023.02.23"]
[EventType "swiss"]
[EventRounds "7"]
[EventCountry "GER"]
[SourceTitle "CBM 213 Extra"]
[Source "ChessBase"]
[SourceDate "2023.05.31"]
[SourceVersion "1"]
[SourceVersionDate "2023.05.31"]
[SourceQuality "1"]

1. c4 c5 2. Nf3 g6 3. d4 Bg7 4. e4 cxd4 5. Nxd4 Nc6 6. Be3 e6 7. Nc3 a6 8. Be2 Nge7 9. 0-0 0-0 10. Qd2 d5 11. cxd5 exd5 12. Nxc6 bxc6 13. Rfd1 Be6 14. exd5 cxd5 15. Bd4 Bxd4 16. Qxd4 Nc6 17. Qc5 Ne7 18. Rd2 Rc8 19. Qd4 Nc6 20. Qf4 g5 21. Qg3 d4 22. Ne4 f5 23. Qxg5+ Kh8 24. Qxd8 Rcxd8 25. Nc5 Bc8 26. Nb3 Rf7 27. Rad1 Rfd7 28. f4 Bb7 29. Bf3 d3 30. Nc5 Na5 31. Nxd7 Bxf3 32. gxf3 Rxd7 33. Rxd3 1-0

[Event "Oberfranken-ch"]
[Site "Schney"]
[Date "2020.01.03"]
[Round "2"]
[White "Neuberg, Hans Gerhard"]
[Black "Bauschke, Norman"]
[Result "0-1"]
[WhiteElo "1981"]
[BlackElo "1613"]
[PlyCount "40"]
[EventDate "2020.01.03"]
[EventType "swiss"]
[EventRounds "7"]
[EventCountry "GER"]
[SourceTitle "CBM 194 Extra"]
[Source "ChessBase"]
[SourceDate "2020.03.31"]
[SourceVersion "1"]
[SourceVersionDate "2020.03.31"]
[SourceQuality "1"]

1. e4 c5 2. Nf3 Nc6 3. d4 cxd4 4. Nxd4 e6 5. Be3 Nge7 6. Nc3 a6 7. Bd3 g6 8. Nxc6 Nxc6 9. Qd2 Bg7 10. g4 d5 11. Be2 d4 12. Bh6 Bxh6 13. Qxh6 dxc3 14. Qg7 Qd2+ 15. Kf1 Qd4 16. Qxd4 Nxd4 17. Bd3 cxb2 18. Rb1 0-0 19. Rxb2 b5 20. Kg2 f5 0-1

[Event "Oberfranken-ch"]
[Site "Schney"]
[Date "2019.01.04"]
[Round "3"]
[White "Laustsen, Karl Johann"]
[Black "Bauschke, Norman"]
[Result "1-0"]
[WhiteElo "1780"]
[BlackElo "1635"]
[PlyCount "77"]
[EventDate "2019.01.03"]
[EventType "swiss"]
[EventRounds "7"]
[EventCountry "GER"]
[SourceTitle "CBM 188 Extra"]
[Source "ChessBase"]
[SourceDate "2019.02.28"]
[SourceVersion "1"]
[SourceVersionDate "2019.02.28"]
[SourceQuality "1"]

1. d4 Nf6 2. Bf4 d6 3. Nc3 g6 4. e4 Bg7 5. Qd2 0-0 6. 0-0-0 Re8 7. f3 a6 8. Nge2 b5 9. g4 Bb7 10. Ng3 Nbd7 11. g5 e5 12. dxe5 dxe5 13. gxf6 exf4 14. fxg7 fxg3 15. Qxd7 Qg5+ 16. Qd2 Qh5 17. Qf4 Re7 18. Nd5 Bxd5 19. Rxd5 f5 20. Bg2 g5 21. Qxf5 Rxg7 22. hxg3 Qf7 23. Qxf7+ Rxf7 24. Rxg5+ Kf8 25. f4 Rd8 26. Rd1 Re8 27. e5 h6 28. Rg6 Rg7 29. Rxg7 Kxg7 30. Rd7+ Kg6 31. Rxc7 Re6 32. Rc6 Rxc6 33. Bxc6 h5 34. Be4+ Kf7 35. f5 Kg7 36. f6+ Kf7 37. Bf5 a5 38. Kd2 b4 39. b3 1-0

[Event "Oberfranken-ch"]
[Site "Schney"]
[Date "2018.01.04"]
[Round "3"]
[White "Brunsch, Michael"]
[Black "Bauschke, Norman"]
[Result "1-0"]
[WhiteElo "1947"]
[BlackElo "1638"]
[PlyCount "93"]
[EventDate "2018.01.03"]
[EventType "swiss"]
[EventRounds "7"]
[EventCountry "GER"]
[SourceTitle "CBM 182 Extra"]
[Source "ChessBase"]
[SourceDate "2018.02.23"]
[SourceVersion "1"]
[SourceVersionDate "2018.02.23"]
[SourceQuality "1"]

1. Nf3 Nf6 2. c4 c5 3. Nc3 Nc6 4. g3 g6 5. Bg2 a6 6. 0-0 Bg7 7. d4 cxd4 8. Nxd4 e6 9. Nc2 0-0 10. e4 d6 11. b3 Qe7 12. Ba3 Rd8 13. Qd2 Rb8 14. Rad1 Ne8 15. Qd3 Ne5 16. Qe2 Qc7 17. Bb2 Bd7 18. Ne3 Bc6 19. f4 Nd7 20. Rd2 Qa5 21. Ncd1 Bxb2 22. Rxb2 b5 23. f5 bxc4 24. fxe6 fxe6 25. Qxc4 Nc5 26. b4 Bb5 27. bxa5 Bxc4 28. Nxc4 Rxb2 29. Ndxb2 d5 30. exd5 exd5 31. Ne5 Nc7 32. Nbd3 Nxd3 33. Nxd3 Nb5 34. Rf6 Nc7 35. Rc6 Rd7 36. Bh3 Re7 37. Kf2 d4 38. Rd6 Rf7+ 39. Ke2 Re7+ 40. Kd2 Re4 41. Rd8+ Ne8 42. Bd7 Kf7 43. Rxe8 Rxe8 44. Bxe8+ Kxe8 45. Nc5 Ke7 46. Nxa6 Kd6 47. Nb4 1-0

[Event "Oberfranken-ch"]
[Site "Schney"]
[Date "2017.01.05"]
[Round "6"]
[White "Aigner, Patrick"]
[Black "Bauschke, Norman"]
[Result "0-1"]
[WhiteElo "1374"]
[BlackElo "1625"]
[PlyCount "76"]
[EventDate "2017.01.03"]
[EventType "swiss"]
[EventRounds "7"]
[EventCountry "GER"]
[SourceTitle "CBM 176 Extra"]
[Source "ChessBase"]
[SourceDate "2017.03.02"]
[SourceVersion "1"]
[SourceVersionDate "2017.03.02"]
[SourceQuality "1"]

1. d4 Nf6 2. Nf3 g6 3. c3 Bg7 4. e3 0-0 5. Nbd2 b6 6. Bd3 Bb7 7. 0-0 d6 8. h3 Nbd7 9. Nh2 c5 10. Re1 Qc7 11. Ndf3 Rfe8 12. Bc4 cxd4 13. Qxd4 Ne4 14. Qd3 Ndc5 15. Qe2 d5 16. Bd3 Nxc3 17. bxc3 Bxc3 18. Rb1 Bxe1 19. Nxe1 e5 20. Bb2 Rad8 21. Bc2 Ba6 22. Qd2 Bc4 23. Ra1 f6 24. Ng4 Kg7 25. f4 h5 26. Nf2 exf4 27. exf4 Re2 28. Qd4 Qe7 29. Qd1 Re8 30. Nf3 Qe3 31. Bd4 Qxf4 32. Qb1 Ne4 33. Bxe4 dxe4 34. Qb4 exf3 35. Qc3 Qg3 36. Bxf6+ Kh7 37. Qxf3 Re1+ 38. Rxe1 Rxe1# 0-1

[Event "Oberfranken-ch"]
[Site "Schney"]
[Date "2017.01.04"]
[Round "3"]
[White "Bauschke, Norman"]
[Black "Daum, Matthias"]
[Result "0-1"]
[WhiteElo "1625"]
[BlackElo "1923"]
[PlyCount "58"]
[EventDate "2017.01.03"]
[EventType "swiss"]
[EventRounds "7"]
[EventCountry "GER"]
[SourceTitle "CBM 176 Extra"]
[Source "ChessBase"]
[SourceDate "2017.03.02"]
[SourceVersion "1"]
[SourceVersionDate "2017.03.02"]
[SourceQuality "1"]

1. d4 Nf6 2. c4 c5 3. d5 b5 4. b3 g6 5. Bb2 Bg7 6. Qc2 0-0 7. e4 bxc4 8. Bxc4 d6 9. h3 Ba6 10. Nd2 Bxc4 11. Nxc4 Na6 12. a3 Nc7 13. Nf3 Nh5 14. Bxg7 Nxg7 15. 0-0 f5 16. exf5 Nxf5 17. Rad1 Nb5 18. Ng5 Nbd4 19. Qb2 e5 20. Ne6 Nxe6 21. dxe6 Qe7 22. Qd2 Nd4 23. Qb2 Qxe6 24. Rd3 Rab8 25. Re1 Qxc4 26. bxc4 Rxb2 27. Rc3 Rfxf2 28. Rg3 Rfc2 29. Kh2 Rxc4 0-1

[Event "Oberfranken-ch"]
[Site "Schney"]
[Date "2016.01.05"]
[Round "6"]
[White "Bauer, Martin2"]
[Black "Bauschke, Norman"]
[Result "1/2-1/2"]
[WhiteElo "1343"]
[BlackElo "1629"]
[PlyCount "84"]
[EventDate "2016.01.03"]
[EventType "swiss"]
[EventRounds "7"]
[EventCountry "GER"]
[SourceTitle "CBM 170 Extra"]
[Source "ChessBase"]
[SourceDate "2016.02.25"]
[SourceVersion "1"]
[SourceVersionDate "2016.02.25"]
[SourceQuality "1"]

1. c4 c5 2. Nc3 g6 3. g3 Bg7 4. Bg2 Nf6 5. e3 0-0 6. Nge2 d6 7. 0-0 Bd7 8. Bxb7 Nc6 9. Bxa8 Qxa8 10. f3 Bh3 11. Rf2 g5 12. d4 h5 13. d5 Ne5 14. e4 Bh6 15. Kh1 Nxc4 16. Ng1 Bd7 17. b3 Ne5 18. Bb2 c4 19. bxc4 Nxc4 20. Bc1 Qe8 21. Qd4 Bg7 22. Rc2 Nb6 23. Qd3 Nh7 24. Rb1 f5 25. Be3 Qd8 26. Bxb6 axb6 27. Nge2 fxe4 28. Nxe4 Bf5 29. N2c3 Nf6 30. Nxf6+ Rxf6 31. Ne4 Kh8 32. Re2 g4 33. fxg4 hxg4 34. Qb5 Qf8 35. Nxf6 Bxb1 36. Qxb1 Qxf6 37. Qg1 Qf3+ 38. Qg2 Qd3 39. Rd2 Qb1+ 40. Qg1 Qe4+ 41. Qg2 Qb1+ 42. Qg1 Qe4+ 1/2-1/2

[Event "Oberfranken-ch"]
[Site "Schney"]
[Date "2016.01.05"]
[Round "5"]
[White "Bauschke, Norman"]
[Black "Hofmann, Marko"]
[Result "0-1"]
[WhiteElo "1629"]
[BlackElo "1812"]
[PlyCount "50"]
[EventDate "2016.01.03"]
[EventType "swiss"]
[EventRounds "7"]
[EventCountry "GER"]
[SourceTitle "CBM 170 Extra"]
[Source "ChessBase"]
[SourceDate "2016.02.25"]
[SourceVersion "1"]
[SourceVersionDate "2016.02.25"]
[SourceQuality "1"]

1. d4 Nf6 2. c4 c5 3. d5 b5 4. b3 bxc4 5. bxc4 g6 6. Bb2 Bg7 7. Nc3 0-0 8. Qc2 Na6 9. a3 Rb8 10. Rb1 d6 11. e4 Qa5 12. Bd3 Nxe4 13. Bxe4 Rxb2 14. Rxb2 Bxc3+ 15. Ke2 Bxb2 16. Qxb2 e6 17. Nf3 exd5 18. Bxd5 Re8+ 19. Kd1 Bf5 20. Ng5 Rb8 21. Bxf7+ Kf8 22. Qf6 Qa4+ 23. Kd2 Qc2+ 24. Ke3 Rb3+ 25. Kf4 Qd2# 0-1

[Event "Oberfranken-ch"]
[Site "Schney"]
[Date "2016.01.04"]
[Round "4"]
[White "Koch, Christian1"]
[Black "Bauschke, Norman"]
[Result "1-0"]
[WhiteElo "1911"]
[BlackElo "1629"]
[PlyCount "51"]
[EventDate "2016.01.03"]
[EventType "swiss"]
[EventRounds "7"]
[EventCountry "GER"]
[SourceTitle "CBM 170 Extra"]
[Source "ChessBase"]
[SourceDate "2016.02.25"]
[SourceVersion "1"]
[SourceVersionDate "2016.02.25"]
[SourceQuality "1"]

1. e4 c5 2. Nf3 e6 3. d4 cxd4 4. Nxd4 Bc5 5. Be3 Bxd4 6. Bxd4 Nf6 7. Nc3 a6 8. e5 Ng8 9. Ne4 Nc6 10. Nd6+ Kf8 11. Bc5 Nge7 12. Qh5 g6 13. Qf3 Nxe5 14. Qf6 Rg8 15. Qxe5 b6 16. Ba3 Rg7 17. h4 h5 18. g4 hxg4 19. h5 Kg8 20. Bg2 Nc6 21. Bxc6 dxc6 22. Ne4 f5 23. h6 Rh7 24. Nf6+ Kf7 25. Nxh7 Bd7 26. Qg7+ 1-0

[Event "Oberfranken-ch"]
[Site "Schney"]
[Date "2015.01.05"]
[Round "5"]
[White "Strahl, Christian"]
[Black "Bauschke, Norman"]
[Result "1-0"]
[WhiteElo "1877"]
[BlackElo "1655"]
[PlyCount "45"]
[EventDate "2015.01.03"]
[EventType "swiss"]
[EventRounds "7"]
[EventCountry "GER"]
[SourceTitle "CBM 164 Extra"]
[Source "ChessBase"]
[SourceDate "2015.03.02"]
[SourceVersion "1"]
[SourceVersionDate "2015.03.02"]
[SourceQuality "1"]

1. e4 c5 2. Nf3 Nc6 3. b4 Nxb4 4. c3 Nc6 5. d4 cxd4 6. cxd4 d5 7. exd5 Qxd5 8. Nc3 Qd8 9. Ba3 Qa5 10. Qb3 Nf6 11. Bc4 e6 12. Bxf8 Rxf8 13. 0-0 a6 14. d5 exd5 15. Nxd5 Nxd5 16. Bxd5 f6 17. Bxc6+ bxc6 18. Rfe1+ Kd8 19. Rad1+ Bd7 20. Qb7 Rf7 21. Qxa8+ Kc7 22. Rb1 Kd6 23. Qb8+ 1-0

[Event "Oberfranken-ch"]
[Site "Schney"]
[Date "2015.01.04"]
[Round "4"]
[White "Bauschke, Norman"]
[Black "Laustsen, Karl Johann"]
[Result "0-1"]
[WhiteElo "1655"]
[BlackElo "1883"]
[PlyCount "130"]
[EventDate "2015.01.03"]
[EventType "swiss"]
[EventRounds "7"]
[EventCountry "GER"]
[SourceTitle "CBM 164 Extra"]
[Source "ChessBase"]
[SourceDate "2015.03.02"]
[SourceVersion "1"]
[SourceVersionDate "2015.03.02"]
[SourceQuality "1"]

1. d4 Nf6 2. g3 e6 3. Bg2 d5 4. Nf3 c5 5. 0-0 Nc6 6. c3 Be7 7. Bg5 Qb6 8. b3 0-0 9. Re1 h6 10. Bc1 Rd8 11. Bb2 Bd7 12. Nbd2 Rac8 13. e3 cxd4 14. exd4 Bd6 15. Rb1 Qa6 16. a4 b6 17. Bf1 Qb7 18. Bd3 Nb8 19. Qe2 a6 20. Ne5 Be8 21. f4 b5 22. axb5 axb5 23. b4 Na6 24. f5 Nc7 25. fxe6 fxe6 26. Ndf3 Bh5 27. Qf2 Rf8 28. h3 Ne4 29. Qg2 Bxf3 30. Nxf3 Nxg3 31. Ne5 Bxe5 32. Rxe5 Nf5 33. Rf1 Nd6 34. Rxf8+ Rxf8 35. Qg6 Rf6 36. Qh7+ Kf7 37. Bc1 Qc8 38. Rh5 Qg8 39. Qxg8+ Kxg8 40. Re5 Rf3 41. Re3 Rxe3 42. Bxe3 Kf7 43. Bf4 Nce8 44. Be2 Kf6 45. Be5+ Ke7 46. Bh5 Nf6 47. Be2 Nc4 48. Bg3 Ne4 49. Be1 Kf6 50. Kg2 g6 51. Kf3 Kf5 52. Bf1 Ned2+ 53. Ke2 Nxf1 54. Kxf1 Kf4 55. Ke2 h5 56. Bf2 g5 57. Be1 g4 58. hxg4 hxg4 59. Kf2 g3+ 60. Kg2 Ne3+ 61. Kg1 Kf3 62. Bd2 Ng2 63. Bc1 Nf4 64. Bd2 Ne2+ 65. Kf1 g2+ 0-1

[Event "Hessen-ch Gr-E 65th"]
[Site "Gladenbach"]
[Date "2011.04.24"]
[Round "5"]
[White "Bauschke, Norman"]
[Black "Grueneschild, Hildegard"]
[Result "0-1"]
[WhiteElo "1414"]
[BlackElo "1634"]
[PlyCount "117"]
[EventDate "2011.04.22"]
[EventType "swiss"]
[EventRounds "5"]
[EventCountry "GER"]
[SourceTitle "CBM 142 Extra"]
[Source "ChessBase"]
[SourceDate "2011.06.27"]
[SourceVersion "1"]
[SourceVersionDate "2011.06.27"]
[SourceQuality "1"]

1. Nf3 Nf6 2. g3 g6 3. Bg2 Bg7 4. d3 0-0 5. e4 d6 6. 0-0 c5 7. c3 Nc6 8. Bg5 Qc7 9. Qc2 e5 10. Nbd2 Be6 11. b4 Rac8 12. bxc5 dxc5 13. Be3 Qd6 14. Rab1 a6 15. Ng5 Bd7 16. f4 Ng4 17. Rbe1 Nxe3 18. Rxe3 h6 19. fxe5 Qxe5 20. Ngf3 Qd6 21. Kh1 Be6 22. Rfe1 Qd7 23. Nb3 Ne7 24. d4 cxd4 25. Rd3 Rxc3 26. Rxc3 dxc3 27. Nc5 Qd6 28. Nxe6 Qxe6 29. e5 Rc8 30. Ng1 Rc7 31. Bh3 Qc6+ 32. Bg2 Qc5 33. Nf3 Nf5 34. Qd3 c2 35. Rc1 Bxe5 36. Nxe5 Qxe5 37. Be4 Kg7 38. Rxc2 Qa1+ 39. Kg2 Rxc2+ 40. Kh3 Rf2 41. g4 Ne7 42. Qg3 Rxa2 43. Qd6 Ra3+ 44. Bd3 Qf1+ 45. Kh4 Qf2+ 46. Kh3 Qf3+ 47. Qg3 Rxd3 48. Qxf3 Rxf3+ 49. Kg2 Rc3 50. h4 b5 51. Kf2 a5 52. Ke2 a4 53. Kd2 a3 54. h5 a2 55. hxg6 Nxg6 56. g5 a1Q 57. gxh6+ Kxh6 58. Ke2 Nf4+ 59. Kd2 0-1

[Event "Hessen-ch Gr-E 65th"]
[Site "Gladenbach"]
[Date "2011.04.23"]
[Round "4"]
[White "Will, Steffen"]
[Black "Bauschke, Norman"]
[Result "1-0"]
[WhiteElo "1355"]
[BlackElo "1414"]
[PlyCount "105"]
[EventDate "2011.04.22"]
[EventType "swiss"]
[EventRounds "5"]
[EventCountry "GER"]
[SourceTitle "CBM 142 Extra"]
[Source "ChessBase"]
[SourceDate "2011.06.27"]
[SourceVersion "1"]
[SourceVersionDate "2011.06.27"]
[SourceQuality "1"]

1. e4 e6 2. Nf3 d5 3. exd5 Qxd5 4. Nc3 Qd8 5. d4 Nf6 6. Bb5+ c6 7. Be2 Bb4 8. 0-0 Nbd7 9. Bg5 Qc7 10. Bh4 Bxc3 11. bxc3 Ne4 12. Qd3 f5 13. Ng5 Ndf6 14. Bf3 Nxg5 15. Bxg5 0-0 16. Rfe1 Bd7 17. c4 h6 18. Bxf6 Rxf6 19. Rab1 g5 20. Bh5 Raf8 21. Re2 Bc8 22. Rbe1 g4 23. d5 cxd5 24. cxd5 Rd8 25. Qb3 Rxd5 26. Qa4 b5 27. Qb3 Qd6 28. Qc3 Qf8 29. Qc6 Rc5 30. Qe8 Qxe8 31. Bxe8 Kf8 32. Bh5 b4 33. f3 Rc4 34. h3 gxh3 35. g4 f4 36. Rd1 Ke7 37. Red2 Rc3 38. Rd8 Rf8 39. R8d2 Rxf3 40. Kh2 Kf6 41. g5+ hxg5 42. Bxf3 e5 43. Rd6+ Ke7 44. Rg6 Bf5 45. Rxg5 Bxc2 46. Rxe5+ Kf6 47. Rdd5 Rg8 48. Re2 b3 49. Rd6+ Kg7 50. axb3 Bxb3 51. Re7+ Kf8 52. Rxa7 Rg3 53. Rd8# 1-0